000 00747nam a2200241 a 4500
999 _c3122
_d3122
001 3122
003 BD-JhCC
005 20190827134017.0
008 171111s2006 bg |||| ||a| 001 0 ben d
035 _a(BD-JhCC)3122
040 _aBD-JhCC
_dBD-JhCC
041 _aben
082 _a305.80095414
_bMUR 2006
100 _aমুরশিদ, গোলাম
245 _aহাজার বছরের বাঙালি সংস্কৃতি /
_cগোলাম মুরশিদ,
260 _aঢাকা :
_bঅবসর প্রকাশনী,
_c2006
300 _a548 p. :
_c22 cm.
650 _aManners and Customs
650 _aSocial life and customs
650 _aBengali Culture
942 _2ddc
_cBK
_02